000
00314nam a2200121Ia 4500
008
220216s9999 xx 000 0 und d
100
_a
Rajammal G
245
0
_a
Defining low-protein NRL : Question marks over criteria
260
_b
Rubber Asia
_c
2003
300
_a
89-91
650
_a
Low-protein NRL
942
_c
JS
999
_c
56761
_d
56761